000
00295nam a22001337a 4500
008
170215b xxu||||| |||| 00| 0 eng d
020
_a
9780314223333
041
_a
eng
080
_2
2ND
_a
61
100
_a
4
101
_a
SHM
245
_a
HEALTH/ MAKING LIFE CHOICES
_c
WEBB, S
942
_2
udc
_c
BK
999
_c
5508
_d
5508